000 00856 a2200265 4500
999 _c11381
_d11381
020 _a9780198816744
050 0 0 _aRC 455.4
_bSEM 2019
100 _aSemple,David
_eauthor
245 0 0 _aOxford Handbook of Psychiatry /
_cDavid Semple and Roger Smyth
250 _afourth
264 _aOxford:
_bUniversity Press,
_c2019
300 _a1148 pages
_billustrations
336 _2rdacontent
_atext
_btxt
337 _2rdamedia
_aunmediated
_bn
338 _2rdacarrier
_avolume
_bnc
504 _aIncludes bibliographies and index.
650 0 _aMental illness
_xPhysiological aspects.
650 0 _aPsychopharmacology.
650 0 _aNeuroendocrinology.
650 2 _aEndocrinology
_xHandbooks.
650 2 _aPsychiatry
_xHandbooks.
650 2 _aNeurophysiology
_xHandbooks.
700 1 _a Smyth, Roger
_eauthor
942 _2lcc
_cBK
_efourth
_h455.4
_iSEM
_kRC